01738nam a2200169Ia 4500001001300000003001000013008004100023040002500064041000700089100003100096245007600127250001100203260003200214300001200246500128700258650002301545b7155-53236 IT-MiCISF161014s9999||||xx |||||||||||||| ||und|| aIT-MiCISFcIT-MiCISF ait aMalfer Luciano (a cura di) 0aFamily Audit: la certificazione familiare aziendalebAnalisi di impatto a1a ed. a MilanobFrancoAngelic2014 app. 328 aCittadino C., Franch M., Prandini R., Petrorossi F., Claus L., Macchioni E., Calzavara C., Franzoia M., Malfer L., Rossi U. / politica-familiare, territorio, lavoro, famiglia, progetto, formazione, qualità-della-vita, welfare / La conciliazione delle esigenze di vita nella loro complessa articolazione e quelle del lavoro, necessariamente legate alle logiche aziendali, è l'opera in cui sono impegnate, giorno per giorno, aziende e famiglie. Non si tratta però solo di cercare soluzioni ai problemi contingenti, ma di impostare una nuova socialità che consideri parimenti al centro dell'attenzione le esigenze delle aziende e quelle della famiglia. Perseguire l'obiettivo di avere imprese efficienti, dove i lavoratori possano sentirsi a casa, è possibile, senza lasciarne pagare il prezzo alle famiglie e, in generale, alla loro vita extra-lavorativa. E' su queste esigenze che, per iniziativa della Provincia autonoma di Trento, è nato il progetto Family Audit, con l'obiettivo di agevolare il concorso di imprese e famiglie alla coesione sociale. Questo volume presente ciò che serve per capire il Family Audit : la sua impostazione teorica, con la fenomenologia che lo accompagna, le linee guida, che si sono andate formando e i documenti che ne stanno alla base. apolitica-familiare